| 000 | 00967nam a2200277Ia 4500 | ||
|---|---|---|---|
| 003 | OSt | ||
| 005 | 20220930081723.0 | ||
| 006 | a|||||r|||| 00| 0 | ||
| 007 | ta | ||
| 008 | 220926b |||||||| |||| 00| 0 eng d | ||
| 024 | _a108825 | ||
| 037 | _cTheses | ||
| 040 |
_aCRL _cCRL _beng |
||
| 041 |
_2eng _aeng |
||
| 100 |
_aShirol Shidlingappa S _9541938 |
||
| 110 |
_aUniversity of Delhi. Faculty of Medical Sciences. Department of Burns, Plastic and Maxillofacial Surgery _9541939 |
||
| 245 | 0 | _aInvasive haemodynamic monitoring in burns | |
| 260 | _c2007 | ||
| 300 |
_a64p. _ap. _ccm. |
||
| 650 | _aPLASTIC SURGERY | ||
| 700 |
_a Dr. Harish Sachdev Gu. _9541940 |
||
| 700 |
_a Dr. V. K. Tiwari Gu. _9537001 |
||
| 700 |
_aUniversity of Delhi. Faculty of Medical Sciences. Department of Burns, Plastic and Maxillofacial Surgery _9541941 |
||
| 942 |
_cDIS _2CC |
||
| 999 |
_c871866 _d871866 |
||